000 00504nam a2200205Ia 4500
003 0100
005 20150914151935.0
008 130303s9999 xx 000 0 und d
020 _a0631152741
040 _cARRUPELIB
050 _aB3258.H324R37 1990
100 _aRasmussen, David M.
_919904
245 _aReading Habermas
260 _aMassachusetts
260 _bBasil Blackwell
_c1990
300 _a146p.
300 _b 23cm
650 _bHabermas, Jurgen
_919905
942 _2lcc
_cMONOGRAPH
999 _c60816
_d60816